| 000 | 00936cam a22003011 4500 | ||
|---|---|---|---|
| 001 | 6096740 | ||
| 003 | PILC | ||
| 005 | 20150824125729.0 | ||
| 008 | 810622s1962 xx a 000 0 eng | ||
| 010 | _a 62002548 | ||
| 035 | _a(OCoLC)14593442 | ||
| 040 |
_aDLC _cDNLM _dMWH _dOCoLC _dDLC |
||
| 041 | 1 | _aengund | |
| 042 | _apremarc | ||
| 050 | 0 | 0 |
_aQH 431 _b.H653 1962 |
| 060 | 0 |
_aQH 431 _bH772v 1962a |
|
| 082 | _a575.1 | ||
| 100 | 2 | _aHonegger-Lavater, Warja. | |
| 245 | 1 | 0 |
_aGenetics, heredity, environment and personality / _cWarja Honegger, Hans Burla and Marco Schnitter. [Tr. from the German. |
| 260 |
_aNew York, _bDell, _c1962. |
||
| 300 |
_a120 pages : _billustrations ; _c17cm. |
||
| 490 | 0 |
_aVisual, _vv. 3 |
|
| 500 | _aTranslation of Vererbung, Erbgut, Umwelt, Persönlichkeit. | ||
| 650 | 0 | _aGenetics | |
| 700 | 1 | _aBurla, Hans. | |
| 906 |
_a7 _bcbc _coclcrpl _du _encip _f19 _gy-gencatlg |
||
| 942 |
_2lcc _cBK _kFOR |
||
| 999 |
_c288454 _d288454 |
||